Jawaharlal Nehru : (Record no. 4931)

MARC details
000 -LEADER
fixed length control field 00665nam a2200205 4500
001 - CONTROL NUMBER
control field 5840
005 - DATE AND TIME OF LATEST TRANSACTION
control field 20181127180403.0
008 - FIXED-LENGTH DATA ELEMENTS--GENERAL INFORMATION
fixed length control field 831129s1964 ii a f000 0beng d
090 ## - LOCALLY ASSIGNED LC-TYPE CALL NUMBER (OCLC); LOCAL CALL NUMBER (RLIN)
Classification number (OCLC) (R) ; Classification number, CALL (RLIN) (NR) 954.042 N396jn2004
Local cutter number (OCLC) ; Book number/undivided call number, CALL (RLIN)
100 ## - MAIN ENTRY--PERSONAL NAME
Personal name Nehru,Jawaharlal.
Numeration
Titles and words associated with a name
Dates associated with a name
Relator term
Fuller form of name
245 00 - TITLE STATEMENT
Title Jawaharlal Nehru :
Remainder of title An autobiography /
260 ## - PUBLICATION, DISTRIBUTION, ETC.
Place of publication, distribution, etc. New Delhi :
Name of publisher, distributor, etc. Peguin Books,
Date of publication, distribution, etc. [1964?]
300 ## - PHYSICAL DESCRIPTION
Extent 655 p. :
Dimensions 25 cm.
500 ## - GENERAL NOTE
General note Cover title.
600 10 - SUBJECT ADDED ENTRY--PERSONAL NAME
Personal name Nehru, Jawaharlal,
Dates associated with a name 1889-1964.
650 ## - SUBJECT ADDED ENTRY--TOPICAL TERM
Topical term or geographic name entry element Gandhi, Mahatma, 1869-1948.
Form subdivision
General subdivision
Chronological subdivision
Geographic subdivision
Source of heading or term
Topical term or geographic name entry element India--Politics and government--1919-1947.
Form subdivision
General subdivision
Chronological subdivision
Geographic subdivision
Source of heading or term
Topical term or geographic name entry element Prime ministers
Geographic subdivision India
Form subdivision Biography.
Holdings
Withdrawn status Lost status Source of classification or shelving scheme Damaged status Not for loan Collection code Home library Current library Shelving location Serial Enumeration / chronology Inventory number Total Checkouts Full call number Barcode Date last seen Price effective from Koha item type
    Dewey Decimal Classification     Main TEST RTC Library RTC Library Main opac 9294   920 NEH 30009178 27/11/2018 27/11/2018 Main
Royal Thimphu College || All Right Reserved